header

The masters and the slaves (Record no. 189741)

MARC details
000 -LEADER
fixed length control field 01689nam a2200433Ia 4500
082 04 - DEWEY DECIMAL CLASSIFICATION NUMBER
Classification number 306.3/62/097
245 04 - TITLE STATEMENT
Title The masters and the slaves
250 ## - EDITION STATEMENT
Edition statement 1st ed.
260 ## - PUBLICATION, DISTRIBUTION, ETC. (IMPRINT)
Place of publication New York, N.Y. :
Name of publisher Palgrave Macmillan,
Year of publication c2005.
300 ## - PHYSICAL DESCRIPTION
Number of Pages x, 161 p.
490 1# - SERIES STATEMENT
Series statement New directions in Latino American cultures
650 #0 - SUBJECT ADDED ENTRY--TOPICAL TERM
Topical Term Miscegenation
Topical Term Cultural fusion
Topical Term Postcolonialism
Topical Term Mestizaje.
Topical Term Racially mixed people
Topical Term Slavery
700 1# - ADDED ENTRY--PERSONAL NAME
Personal name Isfahani-Hammond, Alexandra.
856 40 - ELECTRONIC LOCATION AND ACCESS
Uniform Resource Identifier http://site.ebrary.com/lib/rucke/Doc?id=10135594

No items available.

© 2026 Rongo University
Contact us: librarian | system librarian | Rongo university